[Event "NOR-ch"]
[Site "Oslo"]
[Date "2023.07.02"]
[Round "3"]
[White "Mitusov, Semen"]
[Black "Melaa, Sondre Lillestol"]
[Result "1-0"]
[WhiteElo "2434"]
[BlackElo "2230"]
[PlyCount "71"]
[EventDate "2023.06.30"]
[EventType "swiss"]
[EventRounds "9"]
[EventCountry "NOR"]
[SourceTitle "CBM 215 Extra"]
[Source "ChessBase"]
[SourceDate "2023.09.30"]
[SourceVersion "1"]
[SourceVersionDate "2023.09.30"]
[SourceQuality "1"]

1. e4 e5 2. Nf3 Nc6 3. Bc4 Nf6 4. d3 Bc5 5. c3 a6 6. 0-0 d6 7. Bb3 Ba7 8. Nbd2 0-0 9. h3 h6 10. Re1 Re8 11. Nf1 Be6 12. Bc2 d5 13. exd5 Bxd5 14. Ng3 Qd6 15. Nh4 Kh8 16. Be3 Bxe3 17. fxe3 e4 18. Nhf5 Qe6 19. d4 Kh7 20. Rf1 g6 21. Nh4 Nd7 22. Bb3 f5 23. c4 Bxc4 24. d5 Qf6 25. dxc6 Bxf1 26. cxd7 Red8 27. Nxg6 Bd3 28. Nf4 Rxd7 29. Qd2 c5 30. Be6 Rd6 31. Bxf5+ Kh8 32. Ng6+ Kg8 33. Qf2 c4 34. Qf4 Rc6 35. Rd1 Rd8 36. Nh5 1-0